Entretiens sur l'histoire moderne / (Record no. 164319)
[ view plain ]
| 000 -LEADER | |
|---|---|
| campo de control de longitud fija | 01057nam a22002535i 4500 |
| 001 - NÚMERO DE CONTROL | |
| campo de control | 164319 |
| 003 - IDENTIFICADOR DE NÚMERO DE CONTROL | |
| campo de control | ES-MaACL |
| 005 - FECHA Y HORA DE LA ÚLTIMA TRANSACCIÓN | |
| campo de control | 20230906212920.0 |
| 008 - DATOS DE LONGITUD FIJA--INFORMACIÓN GENERAL | |
| campo de control de longitud fija | 040831s1839 fr |||| | fre d |
| 040 ## - FUENTE DE CATALOGACIÓN | |
| Centro catalogador/agencia de origen | CAM |
| Lengua de catalogación | spa |
| Centro/agencia transcriptor | CAM |
| 100 1# - ENTRADA PRINCIPAL--NOMBRE DE PERSONA | |
| Nombre de persona | Saint-Germain-Leduc ( |
| Fechas asociadas al nombre | 1799-18.) |
| 9 (RLIN) | 155285 |
| 245 10 - MENCIÓN DEL TÍTULO | |
| Título | Entretiens sur l'histoire moderne / |
| Mención de responsabilidad, etc. | par Saint-Germain-Leduc. |
| 260 ## - PUBLICACIÓN, DISTRIBUCIÓN, ETC. | |
| Lugar de publicación, distribución, etc. | Paris : |
| Nombre del editor, distribuidor, etc. | chez Pitois-Levrault et Comp. ; |
| Lugar de publicación, distribución, etc. | Strasbourg : |
| Nombre del editor, distribuidor, etc. | chez F.G. Levrault, |
| Fecha de publicación, distribución, etc. | 1839. |
| 300 ## - DESCRIPCIÓN FÍSICA | |
| Extensión | 362 p. ; |
| Dimensiones | 14 cm. |
| 490 1# - MENCIÓN DE SERIE | |
| Mención de serie | Maitre Pierre ou Le savant de village |
| 490 1# - MENCIÓN DE SERIE | |
| Mención de serie | Bibliothèque de l'instruction populaire ; |
| Designación de volumen o secuencia | 40 |
| 594 ## - Nota al título y mención de responsabilidad | |
| Nota al título y mención de responsabilidad | Encabezamiento y segunda serie tomados de la BN Opale-Plus. |
| 650 #4 - PUNTO DE ACCESO ADICIONAL DE MATERIA--TÉRMINO DE MATERIA | |
| Término de materia o nombre geográfico como elemento de entrada | Historia moderna- |
| Subdivisión de forma | Misceláneas. |
| 9 (RLIN) | 135951 |
| 740 11 - ENTRADA AGREGADA--TÍTULO RELACIONADO/ANALÍTICO NO CONTROLADO | |
| Título relacionado o analítico no controlado | Maitre Pierre ou Le savant de village. |
| 830 0# - PUNTO DE ACCESO ADICIONAL DE SERIE-TÍTULO UNIFORME | |
| Título uniforme | Maitre Pierre ou Le savant de village |
| 9 (RLIN) | 187710 |
| 830 0# - PUNTO DE ACCESO ADICIONAL DE SERIE-TÍTULO UNIFORME | |
| Título uniforme | Bibliothèque de l'instruction populaire ; |
| Designación de volumen o secuencia | 40 |
| 9 (RLIN) | 187711 |
| 852 ## - LOCALIZACIÓN | |
| Ubicación | ES-MaACL |
| Número de control de estantería | D-5197(1) |
| Nota libre | -- Enc. hol. |
| Encuadernación | -- Edic.: en el lomo consta : "Instruction populaire" |
| Estatus retirado | Estado de pérdida | Estado de daño | No para préstamo | Colección | Biblioteca de origen | Biblioteca actual | Ubicación en estantería | Fecha de adquisición | Fuente de adquisición | Total de préstamos | Signatura topográfica completa | Código de barras | Visto por última vez | Precio de reemplazo | Tipo de ítem Koha |
|---|---|---|---|---|---|---|---|---|---|---|---|---|---|---|---|
| Libros del s. XIX | Biblioteca del Ateneo de Madrid | Biblioteca del Ateneo de Madrid | Sala Valle Inclán | 17/01/2008 | D-5197(1) | 901172233 | 23/02/2023 | 23/02/2023 | Libro impreso antiguo |
